| 000 | 00479cam a2200193ua 4500 | ||
|---|---|---|---|
| 020 | _c20.00 | ||
| 041 |
_aeng _h |
||
| 082 |
_a620.11 _bDEV/RE |
||
| 100 | _aDevraj, . | ||
| 245 |
_aRefresher of material science / _cDevraj. _hTextual Documents |
||
| 250 |
_a1 / _b. |
||
| 260 |
_aNew Delhi : _bC B S Publishers & Distributers , _c1985. |
||
| 300 | _a127 ; . | ||
| 365 | _a20.00 | ||
| 504 | _a | ||
| 700 | 1 | _aChatwal, R K . | |
| 942 | _cBK | ||
| 999 |
_c8928 _d8928 |
||